|
|
|
|
| LEADER |
00000nam a22000007a 4500 |
| 005 |
20201211120242.0 |
| 007 |
cr|||| |||| |
| 008 |
201211s2015 co |||||s|||| 00||0 spa d |
| 020 |
|
|
|a 9789587810424
|
| 035 |
|
|
|a 32256
|
| 040 |
|
|
|a vLex
|
| 090 |
|
|
|c 10944
|d 10944
|
| 100 |
1 |
|
|a Barrero Tapias, Jos ̌Ricardo
|
| 245 |
1 |
0 |
|a Entre la esperanza y el temor
|h [Recurso electrn̤ico] /
|c Jos ̌Ricardo Barrero Tapias
|
| 256 |
|
|
|a Servicio en ln̕ea
|
| 260 |
|
|
|a Bogot:̀
|b Pontificia Universidad Javeriana,
|c 2015
|
| 300 |
|
|
|a 1 recurso electrn̤ico
|
| 500 |
|
|
|a Anl̀isis descriptivo de la elaboracin̤ de la Declaracin̤ Universal de los Derechos Humanos por la Comisin̤ de Derechos Humanos de las Naciones Unidas, 1946–1948 Este libro es producto de un recorrido a los espacios de las Naciones Unidas donde se elabor ̤la Declaracin̤ Universal de los Derechos Humanos: el Comit ̌de Borrador, la Comisin̤ de Derechos Humanos, el Consejo Econm̤ico y Social, la Asamblea General. Adems̀, fue dirigido por la necesidad de conocer lo que los delegados expusieron, debatieron y acordaron para dar vida a un documento que se convirti ̤en c̕ono y referente polt̕ico y jurd̕ico. El libro tiene un valor educativo para quien se acerca a la Declaracin̤ de los Derechos Humanos, es innovador para estudiantes e investigadores por usar una fuente poco explorada en nuestro medio: las actas de las reuniones de las Naciones Unidas que dieron forma a la Declaracin̤ Universal de Derechos Humanos. Tambiň es novedoso el tratamiento de la fuente, pues busca describir las posiciones mantenidas por los delegados durante todo el proceso y destaca los temas que provocaron tensin̤ y aquellos de amplio acuerdo. Un hallazgo, que es tema de otra investigacin̤ en curso, fue la relacin̤ entre las organizaciones civiles y la iniciativa de la Declaracin̤, pues fueron estas quienes, a travš del cabildeo, lograron que los Estados Unidos de Amřica influyeran en la agenda de las Naciones Unidas para construir un compromiso de respeto a los Derechos Humanos.
|
| 506 |
1 |
|
|a Disponible solo en los productos indicados
|d vLex Global
|d vLex Global (Academic Edition, excluding Law Schools)
|d vLex Global (U.S. Academic Edition, Law Schools)
|d vLex Global (U.S. Academic Edition, excluding Law Schools)
|d vLex Global (Academic Edition, Law Schools)
|
| 650 |
0 |
4 |
|a Derecho Internacional
|z Colombia
|
| 650 |
0 |
4 |
|a Ratificacin̤ de Convenios Internacionales
|z Colombia
|
| 650 |
0 |
4 |
|a Acuerdos Internacionales
|z Colombia
|
| 650 |
0 |
4 |
|a Economa̕ Espaǫla
|z Colombia
|
| 740 |
0 |
|
|a vLex Libros (Servicio en ln̕ea)
|
| 856 |
4 |
0 |
|u http://vlex.com/source/entre-la-esperanza-y-el-temor-32256
|z Acceso restringido
|
| 942 |
|
|
|c BOOK
|
| 999 |
0 |
|
|a International Law
|
| 999 |
0 |
|
|a Ratification of International Conventions
|
| 999 |
0 |
|
|a International Agreements
|
| 999 |
0 |
|
|a Spanish Economy
|